000 00455nam a2200181Ia 4500
001 24727
005 20260414151102.0
008 260414t2016||||xx |||||||||||||| ||spa||
041 _aESP
082 _a345.726J
_bJ92 T. 2
100 _aLama More, Héctor
_eAUT
245 0 _aJurisprudencia vinculante, civil y procesal civil
_b
260 _c2016
300 _a796 páginas :
_c25 cm.
650 _aDER
654 _aCDE
942 _cLIB
_dJUS
_fJUS
_2ddc
_n
999 _c24727
_d24727